<An> Introduction to Business Accounting for Managers

Salvato in:
Dettagli Bibliografici
Autore principale: Hartley, C.F
Natura: Libro
Lingua:inglese
Pubblicazione: Oxford Pergamon Press 1987
Edizione:4. ed.
Tags: Aggiungi Tag
Nessun Tag, puoi essere il primo ad aggiungerne!!

MARC

LEADER 00000nam a2200000 4500
001 c028770
005 20221219120048.2
041 0 |a eng 
044 |a GB 
245 1 0 |a <An> Introduction to Business Accounting for Managers  |c C.F. Hartley 
250 |a 4. ed. 
264 1 |a Oxford  |b Pergamon Press  |c 1987 
300 |a 221 s. 
100 1 |a Hartley, C.F.